| 000 | 00394nam a2200145Ia 4500 | ||
|---|---|---|---|
| 001 | 23569 | ||
| 003 | GE_BSU | ||
| 008 | 181216s||||||||xx |||||||||||||| ||und|| | ||
| 040 | _cGE_BSU | ||
| 245 | _aParis Match, du 15 au 21 mars. №3592. 2018 | ||
| 653 | _aParis Match, du 15 au 21 mars. №3592. 2018 | ||
| 653 | _aПериодика | ||
| 653 | _aპერიოდიკა | ||
| 942 | _cCR | ||
| 999 |
_c56456 _d56456 |
||